000 01787nam2a22002531 4500
001 RU\NLR\INFOCOMM33\1000074427
005 20250617064920.0
035 _a(NLR Aleph) 002531768
090 _a2855509
_c2855509
100 _a20040424d1980 |||y0rusy50 ca
101 0 _arus
102 _aRU
105 _ay |||||||||
200 1 _aМногофакторный анализ, планирование и управление себестоимостью мелиоративно-строительных работ
_fА.Н. Матвеев
210 _d1980
_aБ. м.
461 0 _1001RU\NLR\INFOCOMM33\1000073313
_12001#$aМелиорация и водное хозяйство$eОбзор. информ.$iСерия "Информационное обеспечение целевой комплексной научно-технической программы и программ по решению научно-технических проблем"$fМ-во мелиорации и вод. хоз-ва СССР. ЦБНТИ (ЦБНТИ Минводхоза СССР)$v1980, №3
_92853879
_cМ.
_d1965-
_fМ-во мелиорации и вод. хоз-ва СССР. ЦБНТИ (ЦБНТИ Минводхоза СССР)
_iСерия "Информационное обеспечение целевой комплексной научно-технической программы и программ по решению научно-технических проблем"
_oОбзор. информ.
_tМелиорация и водное хозяйство
_x0233-6170
_v1980, №3
700 1 _aМатвеев
_bА.Н.
_4070
801 1 _aRU
_bInfoComm
_c20040424
801 0 _aRU
_bNLR
_gPSBO
852 _aNLR
_jП10/3001
942 _cISSUE
980 _aNB
980 _aRUSPER